Python machine learning : (Registro nro. 21736)

Detalles MARC
000 -Cabecera
Campo de control interno 00979nam a2200253Ia 4500
005 - Fecha y hora del registro
control field 20260407114116.0
008 - Elementos de Longitud Fija
fixed length control field 260320s9999||||xx |||||||||||||| ||und||
020 ## - ISBN
ISBN 9788426727206
041 ## - Idioma
Codigo Idioma ESP
082 ## - DEWEY y NOTACIÓN INTERNA
Dewey 005.133
Notación Interna R26
100 ## - AUTOR
Autor denominación Raschka, Sebastian,
Término de relación autor
245 #0 - TÍTULO DE MATERIAL BIBLIOGRÁFICO
Título Python machine learning :
Título paralelo aprendizaje automático y aprendizaje profundo con Phython, scikit-learn y TensorFlow
250 ## - EDICIÓN
Edición Segunda edición
260 ## - CIUDAD, EDITORIAL, AÑO
Ciudad Colombia
Nombre de la Editorial Marcombo,
Año 2019
300 ## - DESCRIPCIÓN
N° Páginas 616 páginas :
Otros detalles ilustraciones, gráficos ;
Dimensiones 24 cm.
500 ## - NOTA GENERAL
Nota General (Ciudad: [Colombia] tomado del catálogo WorldCat)
650 ## - TEMAS
Temas Tecnología (Ciencias Aplicadas)
653 ## - DESCRIPTORES
Lenguajes no controlado Python (Lenguaje de programación); Algoritmos (Computadores); Aprendizaje automático; Inteligencia artificial
654 ## - PROGRAMAS
Programa Dpto. de Computación
700 ## - OTROS AUTORES
Otros autores Mirjalili, Vahid,
Títulos y otras palabras asociadas con el nombre autor
856 ## - URL - UBICACIÓN
URI/URL: Enlace exacto del recurso <a href="https://ebooks-editorialmacro-com.ucsp.lookproxy.com/library">https://ebooks-editorialmacro-com.ucsp.lookproxy.com/library</a>
Nota pública: Versión digital <a href="Véase además: Base de datos Macro Digital">Véase además: Base de datos Macro Digital</a>
942 ## - ELEMENTOS DE KOHA
Tipo de documento Libro
Nombre del creador Justo Noguera
Código de catalogador Margarita Torres
Esquema de clasificación Dewey Decimal Classification
Existencias
Codigo completo Registro Colección Copia número Disponibilidad Tipo de préstamo Biblioteca Actual Procedencia (Biblioteca) Ubicacón Fecha Ingreso Tipo de Adquisición Date last seen Total checkouts Price effective from Tipo de Item Estado del Material Fuente de Clasificación Damaged status Withdrawn status
005.133 R26 1085289 Universidad Católica San Pablo 1 Disponible Disponible Víctor Andrés Belaunde Víctor Andrés Belaunde Segundo piso 07/04/2026 Compra 07/04/2026   07/04/2026 Libro Bueno Dewey Decimal Classification